Podnikanie a podnikateľské riadenie ekonomických subjektov.
Definícia kľúčových aspektov riadenia. Sedem základných krokov na dosiahnutie úspešného farmmanagementu. Počítače v riadení fariem. Komunikácia medzi počítačmi. Komunikačný systém. Poľnohospodárske siete. Analýza senzitivity. Simulačné modely a expertné systémy.
Uložené v:
| Hlavný autor: | |
|---|---|
| Médium: | Kapitola |
| Jazyk: | Slovak |
| Predmet: | |
| Tagy: |
Žiadne tagy, Buďte prvý, kto otaguje tento záznam!
|
MARC
| LEADER | 00000naa a2200000 4500 | ||
|---|---|---|---|
| 001 | r010010 | ||
| 005 | 20220831090012.0 | ||
| 041 | 0 | |a slo | |
| 044 | |a [CS] | ||
| 245 | 1 | 0 | |a Podnikanie a podnikateľské riadenie ekonomických subjektov. |c A. Evers |
| 520 | |a Definícia kľúčových aspektov riadenia. Sedem základných krokov na dosiahnutie úspešného farmmanagementu. Počítače v riadení fariem. Komunikácia medzi počítačmi. Komunikačný systém. Poľnohospodárske siete. Analýza senzitivity. Simulačné modely a expertné systémy. | ||
| 610 | 2 | 0 | |a riadenie podnikové |
| 610 | 2 | 0 | |a podnik poľnohospodársky |
| 610 | 2 | 0 | |a farmy |
| 610 | 2 | 0 | |a manažment |
| 610 | 2 | 0 | |a počítače |
| 610 | 2 | 0 | |a komunikácia |
| 610 | 2 | 0 | |a modely simulačné |
| 610 | 2 | 0 | |a podnikanie |
| 100 | 1 | |a Evers, A. | |